000 01213nam a2200277 a 4500
999 _c436990
_d436990
003 BLK
005 20240319155312.0
008 180408b bul|||||r ||||||| ||bul||
010 _aKNG00094124000
020 _a9789542616771
040 _aBLK
041 _aBUL
_cBUL
080 _aИздания за деца и юноши. Книжки-картинки. Читанки. Вж и 372.4
_b087.5
_z087.5
139 _aМалък майстор: на строителната площадка
_bМ 23
245 1 0 _aМалък майстор: на строителната площадка
_c[прев. Даниела Атанасова]
257 _aBGR
260 _aПловдив
_bХермес
_c2017
300 _a18 с.
_bс цв. ил.
_c31 см + 25 болта и гайки и 1 гаечен ключ
380 _aDN
500 _aБез сведение за ориг. загл. - Името на прев. отбелязано в изд. каре. - Кн. отпеч. на ламиниран картон
700 _aАтанасова, Даниела Тенева
_9331832
856 4 _qpdf
856 4 _qpdf
942 _cKNG
_n0
_02
_s1
944 _k30560
_lГеновева Генчева